مكتبة جامعة عجلون الوطنية

فهرس بحث المكتبة

Normal view MARC view
  • preparation Alodat,Alaa Faisal Mohammad , Supervisor Mohammad Bani-Younes

Entry Personal Name

Number of records used in: 1

001 - CONTROL NUMBER

  • control field: 6059

003 - CONTROL NUMBER IDENTIFIER

  • control field: JO-AjAnu

005 - DATE AND TIME OF LATEST TRANSACTION

  • control field: 20230606071302.0

008 - FIXED-LENGTH DATA ELEMENTS

  • fixed length control field: 230606|| aca||aabn | a|a d

040 ## - CATALOGING SOURCE

  • Original cataloging agency: JO-AjAnu
  • Transcribing agency: JO-AjAnu

100 ## - HEADING--PERSONAL NAME

  • Personal name: preparation Alodat,Alaa Faisal Mohammad , Supervisor Mohammad Bani-Younes

670 ## - SOURCE DATA FOUND

  • Source citation: Work cat.: (JO-AjAnu)3140: preparation Alodat,Alaa Faisal Mohammad , Supervisor Mohammad Bani-Younes, author, Workshop Management Sstem